000 00591nam a22001935i 4500
001 48747
003 ES-MaACL
005 20250722094001.0
007 t|
008 950727s1862 fr ||||1| fre d
080 _a821.111-31"18"
100 1 _aDickens, Charles.
_944489
245 1 0 _aHistoriettes et récits du foyer /
_cpar Charles Dickens ; traduction de Amédée Pichot.
260 _aParis :
_bMichel Lévy Frères,
_c1862 (
_fPillet)
300 _a[6], 276 p. ;
_c18 cm.
700 1 _aPichot, Amédée,
_d1795-1877
_991840
852 4 _aES-MaACL
_jF-11052
999 _c48747
_d48747